| 000 | 004690000a22001690004500 | ||
|---|---|---|---|
| 003 | MACL | ||
| 005 | 20160108122747.0 | ||
| 008 | 160108b xxu||||| |||| 00| 0 eng d | ||
| 040 |
_aMACL _cMACL |
||
| 041 | _aEnglish | ||
| 082 | _a910/RHY | ||
| 100 |
_aFranklin, John _929560 |
||
| 245 | _aNarrative Of Journey to The Shores of the Polar Sea in the Years 1819-20-21-22 | ||
| 260 |
_bJ M Dent & Sons LTD _aLondon |
||
| 650 |
_aTravel _929561 |
||
| 942 |
_cBK _k910/RHY _2ddc |
||
| 999 |
_c39161 _d39161 |
||